| 000 | 00641nam a22002177a 4500 | ||
|---|---|---|---|
| 999 |
_c11769 _d11769 |
||
| 003 | AR-CdUCM | ||
| 008 | 190405b ||||| |||| 00| 0 spa d | ||
| 040 |
_aMUNICIPALIDAD PROVINCIAL DEL CUSCO _cBIBLIOTECA MUNICIPAL DEL CUSCO |
||
| 082 |
_a869.56 / _bC95 / 1939 |
||
| 100 |
_aCuentas, J. Alberto _917145 |
||
| 245 |
_aPututo : _bPoemas / |
||
| 260 |
_aLima : _bAzángaro, _c1939. |
||
| 300 |
_a114 páginas ; _c25 cm. |
||
| 500 | _aDedicatoria a Luis Nieto | ||
| 505 | _aContenido: Poemas. | ||
| 650 |
_aLiteratura Peruana _9132 |
||
| 650 |
_aSiglo XX _98 |
||
| 650 |
_aPoemas _9929 |
||
| 942 |
_2ddc _cLIBROS |
||
| 945 |
_aachl _d2019-04-05 |
||